[Event "Kalyan op 2nd"]
[Site "Kalyan"]
[Date "2019.01.31"]
[Round "4"]
[White "Jadhav, Jyotiraditya"]
[Black "Kumar, Gaurav"]
[Result "0-1"]
[WhiteElo "1358"]
[BlackElo "2128"]
[PlyCount "116"]
[EventDate "2019.01.29"]
[EventType "swiss"]
[EventRounds "10"]
[EventCountry "IND"]
[SourceTitle "CBM 188 Extra"]
[Source "ChessBase"]
[SourceDate "2019.02.26"]
[SourceVersion "1"]
[SourceVersionDate "2019.02.26"]
[SourceQuality "1"]

1. d4 Nf6 2. c4 e6 3. Nc3 Bb4 4. Nf3 c5 5. e3 0-0 6. Be2 Ne4 7. Qc2 Qa5 8. Bd2 Nxd2 9. Nxd2 cxd4 10. exd4 Nc6 11. Nb3 Qg5 12. 0-0 Be7 13. a3 d5 14. cxd5 exd5 15. f4 Qh6 16. Nxd5 Bd6 17. g3 Be6 18. Ne3 Bxb3 19. Qxb3 Nxd4 20. Qc4 Nxe2+ 21. Qxe2 Bc5 22. Rf3 Rae8 23. Re1 Qc6 24. Kf2 Re7 25. Qd3 Rfe8 26. b4 Bb6 27. g4 Qe4 28. Qb5 Bxe3+ 29. Rexe3 Qc2+ 30. Qe2 Qxe2+ 31. Kxe2 f6 32. Rxe7 Rxe7+ 33. Kd3 f5 34. h3 Kf7 35. Kd4 Kf6 36. Kd5 Rd7+ 37. Kc5 Rc7+ 38. Kd5 Re7 39. Kc5 fxg4 40. hxg4 g5 41. f5 h5 42. gxh5 g4 43. Rf1 Rh7 44. Kd4 Rxh5 45. Ke4 g3 46. Rg1 Rg5 47. Rg2 Rg4+ 48. Ke3 Kxf5 49. Kf3 Rf4+ 50. Ke3 Kg4 51. Rg1 Rf7 52. Rg2 Kh3 53. Rg1 Kh2 54. Rb1 g2 55. Kd4 g1Q+ 56. Rxg1 Kxg1 57. Kc5 Rf5+ 58. Kd6 Rb5 0-1

[Event "Mumbai Wealth op U13 4th"]
[Site "Mumbai"]
[Date "2019.01.06"]
[Round "8"]
[White "Savitha Shri, B."]
[Black "Jadhav, Jyotiraditya"]
[Result "1-0"]
[WhiteElo "1894"]
[BlackElo "1358"]
[PlyCount "125"]
[EventDate "2018.12.30"]
[EventType "swiss"]
[EventRounds "9"]
[EventCountry "IND"]
[SourceTitle "CBM 188 Extra"]
[Source "ChessBase"]
[SourceDate "2019.02.26"]
[SourceVersion "1"]
[SourceVersionDate "2019.02.26"]
[SourceQuality "1"]

1. Nf3 d5 2. c4 e6 3. g3 Nf6 4. Bg2 c6 5. b3 Bd6 6. Bb2 0-0 7. 0-0 Nbd7 8. d3 Qe7 9. Qc2 Re8 10. e4 dxe4 11. dxe4 e5 12. Nbd2 Nf8 13. Rac1 N8d7 14. Ne1 b6 15. Nd3 Bb7 16. Kh1 Nc5 17. Ne1 Rad8 18. Bc3 Bb8 19. b4 Ne6 20. Nb3 c5 21. b5 Nd4 22. Bxd4 exd4 23. f3 Nd7 24. Nd3 Ne5 25. Rce1 f6 26. a4 h5 27. Nxe5 fxe5 28. Qd3 Qg5 29. Bh3 Bc8 30. Bxc8 Rxc8 31. Rg1 Re6 32. a5 Rf8 33. axb6 axb6 34. Qd2 Qf6 35. Ref1 Qf7 36. Qe2 Rf6 37. Nd2 Qd7 38. Qg2 Bd6 39. Nb3 Qf7 40. Nd2 Qd7 41. Ra1 Be7 42. f4 Bd8 43. f5 Rh6 44. Nf3 Qc7 45. Ra6 Qd6 46. Ra7 Bf6 47. g4 hxg4 48. Qxg4 Rf7 49. Ra8+ Rf8 50. Ra3 Qe7 51. Ra6 Qd6 52. Kg2 Rd8 53. Kf2 Rb8 54. Ke2 Qe7 55. Kd3 Qf7 56. Qg3 Qc7 57. Rga1 Qd6 58. Ra7 Rd8 59. R1a6 Rb8 60. Ra1 Rd8 61. Rg1 Rh7 62. Qg6 Rh6 63. Rxg7+ 1-0